Catálogo

DEVELOPING READING SKILLS : (Registro nro. 22360)

Detalles MARC
000 -LEADER
fixed length control field 00552nam a2200181 a 4500
001 - CONTROL NUMBER
control field 22360
005 - DATE AND TIME OF LATEST TRANSACTION
control field 20180713220244.0
008 - FIXED-LENGTH DATA ELEMENTS--GENERAL INFORMATION
fixed length control field 140415s1981 xxk 000 0 eng d
020 ## - INTERNATIONAL STANDARD BOOK NUMBER
International Standard Book Number 0521283647
041 ## - LANGUAGE CODE
Language code of text/sound track or separate title eng
082 ## - DEWEY DECIMAL CLASSIFICATION NUMBER
Classification number 428.24
Item number GRE
100 1# - MAIN ENTRY--PERSONAL NAME
Personal name GRELLET, FRANCOISE
245 10 - TITLE STATEMENT
Title DEVELOPING READING SKILLS :
Remainder of title A PRACTICAL GUIDE TO READING COMPREHENSION EXERCISES
250 ## - EDITION STATEMENT
Edition statement 1a ed.
260 ## - PUBLICATION, DISTRIBUTION, ETC.
Place of publication, distribution, etc. GRAN BRETAÑA :
Name of publisher, distributor, etc. CAMBRIDGE UNIVERSITY PRESS,
Date of publication, distribution, etc. 1981
300 ## - PHYSICAL DESCRIPTION
Extent 252
650 14 - SUBJECT ADDED ENTRY--TOPICAL TERM
Topical term or geographic name entry element INGLES
General subdivision INGLES
-- LENGUAJE TECNICO
-- LECTURA
Existencias
Withdrawn status Lost status Source of classification or shelving scheme Damaged status Not for loan Collection code Home library Current library Shelving location Date acquired Source of acquisition Inventory number Total Checkouts Full call number Barcode Date last seen Date last checked out Price effective from Koha item type
    Dewey Decimal Classification     General Biblioteca Karol Wojtyla Biblioteca Karol Wojtyla Sala general 03/12/2013 Compra 151000000000000000042145   428.24 GRE 1990 42897 05/01/2026 28/04/2018 01/06/2015 Libro